Stations de l'ancien Tramway de Caen - Statistiques

Statistiques générales
  • Ce quiz a été pris 37 fois
  • Le résultat moyen est 33 sur 49
Statistiques - réponses
Réponse % Correct
Gare SNCF
93%
Gare SNCF
93%
Saint-Pierre
86%
Saint-Pierre
86%
Caen Campus 2
83%
CHU
83%
Ifs Jean Vilar
83%
Quai de Juillet
83%
Quai de Juillet
83%
Université
79%
Université
79%
CROUS SUAPS
76%
CROUS SUAPS
76%
Hérouville Saint-Clair
76%
Place de la Mare
76%
Place de la Mare
76%
Résistance
76%
Résistance
76%
Bernières
72%
Bernières
72%
Calvaire Saint Pierre
72%
Calvaire Saint Pierre
72%
Copernic
72%
Copernic
72%
Côte de nacre
72%
Café des images
69%
Lux-Victor Lépine
69%
Pierre Heuzé
69%
Poincaré
69%
Poincaré
69%
Boulevard Leroy
66%
Boulevard Leroy
66%
Château d'eau
66%
Claude Bosh
66%
Caen Grâce de Dieu
62%
Citis
62%
Quatrans
62%
Quatrans
62%
Cité U Lebisey
59%
Aviation
55%
Guynemer
52%
Guynemer
52%
Liberté
52%
Rostand-Fresnel
52%
Concorde
45%
Lux-Victor Lépine
41%
Modigliani
41%
Maréchal Juin
24%
Académie
10%
Aucun quiz correspondant
Distribution des résultats
% des personnes avec chaque résultat
Percentile par nombre de réponses
Votre historique - résultats
Vous n’avez pas pris ce quiz